000 01889nam a22003738i 4500
001 121468
003 StDuBDS
005 20230503152807.0
008 230418s2023 si f b 000|0|eng|d
010 _a2022055932
020 _a9789811268441 (hbk.) :
040 _aStDuBDS
_beng
_erda
_cStDuBDS
_dStDuBDSZ
082 0 4 _a526.9095957
_223
100 1 _aJones, Bill
_q(William James),
_eauthor.
245 1 4 _aThe history of chartered surveyors in Singapore :
_bthe first hundred years : 1868-1968 /
_cBill Jones.
263 _a202304
264 1 _aSingapore :
_bWorld Scientific Publishing,
_c2023.
300 _a520 pages
336 _atext
_2rdacontent
337 _aunmediated
_2rdamedia
338 _avolume
_2rdacarrier
366 _b20230422
_cNot yet available
504 _aIncludes bibliographical references.
520 8 _aThere is a rich history of achievements by Chartered Surveyors in Singapore going back as far as the 1880s. Their stories have largely gone untold. This book tells the stories of individual Chartered Surveyors in Singapore over the first hundred years since the Royal Institution of Chartered Surveyors was founded (1868 to 1968) and explains the role they played in the development of Singapore. The book also includes the stories of the pioneer Singaporean Chartered Surveyors from the 1940s onwards, many of whom studied overseas but returned to Singapore where they would play important roles in the real estate industry over future decades.
610 2 0 _aRoyal Institution of Chartered Surveyors
_xHistory.
650 0 _aSurveyors
_xHistory
_y19th century.
_zSingapore
650 0 _aSurveyors
_xHistory
_y20th century.
_zSingapore
650 0 _aSurveying
_xHistory
_y19th century.
_zSingapore
650 7 _aQUANTITY SURVEYING
650 7 _aSURVEYING PROFESSION
662 _aSINGAPORE
690 _96263
_aQuantity surveying
942 _2ddc
999 _c121468
_d121468